Aplicaciones contables con Microsoft Excelʼ Desde el coste amortizado a las ventajas fiscales del leasing /

Detalles Bibliográficos
Autor principal: Pallerola Comamala, Joan
Formato: eBook
Lenguaje:español
Publicado: Bogot:̀ Ediciones de la U, 2011
Materias:
Acceso en línea:Acceso restringido

MARC

LEADER 00000nam a22000007a 4500
005 2021070205125.0
007 cr|||| ||||
008 210702s2011 co |||||s|||| 00||0 spa d
020 |a 978-958-8675-45-9 
035 |a 33327 
040 |a vLex 
090 |c 11842  |d 11842 
100 1 |a Pallerola Comamala, Joan 
245 1 0 |a Aplicaciones contables con Microsoft Excelʼ  |h [Recurso electrn̤ico] :  |b Desde el coste amortizado a las ventajas fiscales del leasing /  |c Joan Pallerola Comamala 
256 |a Servicio en ln̕ea 
260 |a Bogot:̀  |b Ediciones de la U,  |c 2011 
300 |a 1 recurso electrn̤ico 
500 |a El objetivo de este libro es el de facilitar la tarea a la persona encargada de realizar los registros en aspectos como la contabilizacin̤ por medio del sistema del coste amortizado, o tambiň el cl̀culo del valor actual en las operaciones de arrendamiento financiero. Esta operativa obliga a llevar extracontablemente los cl̀culos, ya que los programas de contabilidad no los suelen incorporar, la tarea consiste en hacerla comprensible y animarle a que aplique las macros a las ml︢tiples labores que seguro debe hacer. La estructura de los capt̕ulos se va repitiendo en todos ellos: exposicin̤ de la legislacin̤ internacional aplicable al tema del que se trata, continuando con la explicacin̤ del cl̀culo que debe realizarse, y acabando con la macro de automatizacin̤, la explicacin̤ de la hoja de Excel que la contiene y del trabajo que realiza.La mejor manera de profundizar en la materia es aplicando los ejemplos que pueden bajarse de la Web de Ediciones de la U y no sl̤o utilizarlos, sino analizarlos, modificarlos y aplicarlos en otras hojas con otras aplicaciones. Esta ser ̀sin duda la mejor utilizacin̤ de lo que se explica en este libro.Registrese en, y obtenga beneficios adicionales La estructura de los capt̕ulos se va repitiendo en todos ellos: exposicin̤ de la legislacin̤ internacional aplicable al tema del que se trata, continuando con la explicacin̤ del cl̀culo que debe realizarse, y acabando con la macro de automatizacin̤, la explicacin̤ de la hoja de Excel que la contiene y del trabajo que realiza.La mejor manera de profundizar en la materia es aplicando los ejemplos que pueden bajarse de la Web de Ediciones de la U y no sl̤o utilizarlos, sino analizarlos, modificarlos y aplicarlos en otras hojas con otras aplicaciones. Esta ser ̀sin duda la mejor utilizacin̤ de lo que se explica en este libro.Registrese en, y obtenga beneficios adicionales La mejor manera de profundizar en la materia es aplicando los ejemplos que pueden bajarse de la Web de Ediciones de la U y no sl̤o utilizarlos, sino analizarlos, modificarlos y aplicarlos en otras hojas con otras aplicaciones. Esta ser ̀sin duda la mejor utilizacin̤ de lo que se explica en este libro.Registrese en, y obtenga beneficios adicionales Esta ser ̀sin duda la mejor utilizacin̤ de lo que se explica en este libro.Registrese en, y obtenga beneficios adicionales Registrese en, y obtenga beneficios adicionales www.edicionesdelau.com, y obtenga beneficios adicionales. 
506 1 |a Disponible solo en los productos indicados  |d vLex Global  |d vLex Global (Academic Edition, excluding Law Schools)  |d vLex Global (U.S. Academic Edition, Law Schools)  |d vLex Global (U.S. Academic Edition, excluding Law Schools)  |d vLex Global (Academic Edition, Law Schools) 
650 0 4 |a Contabilidad  |z Colombia 
740 0 |a vLex Libros (Servicio en ln̕ea) 
856 4 0 |u https://vlex.com/source/aplicaciones-contables-con-microsoft-excel-desde-el-coste-amortizado-a-las-ventajas-fiscales-del-leasing-33327  |z Acceso restringido 
942 |c BOOK 
999 0 |a Accounting